000 00386nam a2200145Ia 4500
008 100122s9999 xx 000 0 und d
082 _b66317
_a150
100 _aSHARMA ROBIN S
245 _aWHO WILL CRY WHEN YOU DIE ?
260 _bJAICO PUBLISHING HOUSE
_c2004
300 _a225
630 _aWHO WILL CRY WHEN YOU DIE ?
730 _aWHO WILL CRY WHEN YOU DIE ?
942 _cBOOK
999 _c380447
_d380444